=LDR 00000nam 2200000 4500 =001 000256 =005 20250710122101 =035 ##$$a 0010-0725000087 =245 1#$$a Apel yang manis /$c Kedar shrestha =100 #$$a Kedar shrestha =250 ##$$a Cetakan pertama =300 ##$$a 16 hlm. : $b Ilus. ; $c 21 cm =856 ##$$a TBM As suhada =260 ##$$a Rawamangun :$b Kedar shrestha,$c 2022 =082 ##$$a 398.209 598 =084 ##$$a 398.209 598 KED a =020 ##$$a 978.623.307.381.3 =650 #4$$a Cerita anak indonesia-terjemahan